[Event "Oberfranken-ch"]
[Site "Kronach"]
[Date "2025.03.07"]
[Round "4"]
[White "Fischer, Jan1"]
[Black "Benner, Viktor"]
[Result "0-1"]
[WhiteElo "1818"]
[BlackElo "1992"]
[PlyCount "97"]
[EventDate "2025.03.06"]
[EventType "swiss"]
[EventRounds "7"]
[EventCountry "GER"]
[SourceTitle "CB13_2025"]
[SourceDate "2025.03.26"]
[SourceVersion "1"]
[SourceVersionDate "2025.03.26"]
[SourceQuality "1"]

1. c4 e6 2. Nc3 d5 3. cxd5 exd5 4. d4 c6 5. g3 Nf6 6. Bg2 Bf5 7. e3 Bd6 8. Nge2 0-0 9. 0-0 Qd7 10. f3 Bh3 11. e4 Bxg2 12. Kxg2 Be7 13. e5 Ne8 14. g4 f5 15. g5 Nc7 16. h4 Ne6 17. Nf4 Nxf4+ 18. Bxf4 g6 19. Re1 Qe6 20. Rh1 Na6 21. h5 Kg7 22. Qb3 b5 23. Rh3 Rh8 24. Rah1 Nc7 25. Ne2 a5 26. Be3 Qd7 27. Qc2 Ne6 28. f4 Rac8 29. Ng3 c5 30. Nxf5+ gxf5 31. Qxf5 Rcf8 32. Qc2 Nxf4+ 33. Bxf4 Rxf4 34. h6+ Kg8 35. Rg3 Qf5 36. Qxf5 Rxf5 37. g6 hxg6 38. Rxg6+ Kf8 39. Rg4 c4 40. Rh3 Rg5 41. Rxg5 Bxg5 42. h7 Kg7 43. Rg3 Kg6 44. Rf3 Rxh7 45. Rf8 Bc1 46. Rd8 Bxb2 47. Rxd5 Rb7 48. e6 Kf6 49. Rd6 0-1

[Event "Oberfranken-ch"]
[Site "Kronach"]
[Date "2025.03.06"]
[Round "2"]
[White "Dierl, Mathias"]
[Black "Benner, Viktor"]
[Result "1/2-1/2"]
[WhiteElo "1568"]
[BlackElo "1992"]
[PlyCount "51"]
[EventDate "2025.03.06"]
[EventType "swiss"]
[EventRounds "7"]
[EventCountry "GER"]
[SourceTitle "CB13_2025"]
[SourceDate "2025.03.26"]
[SourceVersion "1"]
[SourceVersionDate "2025.03.26"]
[SourceQuality "1"]

1. e4 e6 2. Nf3 d5 3. exd5 exd5 4. d4 Nf6 5. Be2 Bd6 6. Be3 0-0 7. Nbd2 Re8 8. h3 c6 9. c3 Bf5 10. Nb3 b6 11. Bd3 Be4 12. Bxe4 Nxe4 13. Qc2 a5 14. 0-0 Nd7 15. Nbd2 f5 16. Nxe4 fxe4 17. Bg5 Qc7 18. Nd2 h6 19. Be3 Nf6 20. c4 Qd7 21. Rac1 Rac8 22. Qb3 b5 23. cxb5 cxb5 24. Rxc8 Rxc8 25. Nxe4 Be7 26. Nc5 1/2-1/2

[Event "Oberfranken-ch 1213"]
[Site "Schney"]
[Date "2013.01.03"]
[Round "2"]
[White "Benner, Viktor"]
[Black "Mueller, Sven1"]
[Result "0-1"]
[WhiteElo "1861"]
[BlackElo "1763"]
[PlyCount "46"]
[EventDate "2013.01.03"]
[EventType "swiss"]
[EventRounds "7"]
[EventCountry "GER"]
[SourceTitle "EXT 2015"]
[Source "ChessBase"]
[SourceDate "2014.11.20"]
[SourceVersion "1"]
[SourceVersionDate "2014.11.20"]
[SourceQuality "1"]

1. d4 d5 2. Nf3 Nf6 3. c4 c6 4. e3 Bg4 5. Nc3 e6 6. Bd3 Nbd7 7. h3 Bh5 8. Qe2 Bg6 9. Bxg6 hxg6 10. cxd5 exd5 11. Bd2 Bd6 12. e4 dxe4 13. Nxe4 Nxe4 14. Qxe4+ Qe7 15. Qxe7+ Bxe7 16. 0-0 0-0-0 17. Bf4 f6 18. Rac1 Nb6 19. Rfe1 Rde8 20. Bg3 g5 21. Red1 Kd7 22. a4 Bb4 23. Rc4 Nxc4 0-1

[Event "Oberfranken-ch"]
[Site "Schney"]
[Date "2011.01.03"]
[Round "1"]
[White "Beier, Klaus"]
[Black "Benner, Viktor"]
[Result "1-0"]
[WhiteElo "2012"]
[BlackElo "1864"]
[PlyCount "91"]
[EventDate "2011.01.03"]
[EventType "swiss"]
[EventRounds "7"]
[EventCountry "GER"]
[SourceTitle "EXT 2015"]
[Source "ChessBase"]
[SourceDate "2014.11.20"]
[SourceVersion "1"]
[SourceVersionDate "2014.11.20"]
[SourceQuality "1"]

1. e4 e6 2. Nf3 d5 3. Nc3 Nf6 4. exd5 exd5 5. d4 Bg4 6. Be2 Bb4 7. 0-0 0-0 8. Bg5 c6 9. Ne5 Bxe2 10. Nxe2 h6 11. Bh4 Re8 12. f4 Qd6 13. Ng3 Nbd7 14. Qd3 Rac8 15. Qb3 c5 16. c3 Ba5 17. Rad1 cxd4 18. cxd4 Bb6 19. Kh1 Rc7 20. Qd3 Qf8 21. Qf5 g6 22. Nxd7 Nxd7 23. Qxd5 Kg7 24. Ne4 f5 25. Nd6 Re2 26. Nb5 Qf7 27. Nxc7 Bxc7 28. Qxf7+ Kxf7 29. Rde1 Rxe1 30. Rxe1 Bd6 31. Bd8 Nb8 32. d5 Nd7 33. g3 Nc5 34. Ba5 Ne4 35. Bc3 Bc5 36. Kg2 h5 37. Kf3 Nd6 38. Re6 Ne8 39. Be5 Bg1 40. h3 Bc5 41. g4 hxg4+ 42. hxg4 fxg4+ 43. Kxg4 Bb6 44. Rxb6 axb6 45. Kg5 b5 46. b4 1-0

[Event "Oberfranken-ch"]
[Site "Schney"]
[Date "2011.01.03"]
[Round "2"]
[White "Benner, Viktor"]
[Black "Baumgaertner, Frank"]
[Result "0-1"]
[WhiteElo "1864"]
[BlackElo "1763"]
[PlyCount "142"]
[EventDate "2011.01.03"]
[EventType "swiss"]
[EventRounds "7"]
[EventCountry "GER"]
[SourceTitle "EXT 2015"]
[Source "ChessBase"]
[SourceDate "2014.11.20"]
[SourceVersion "1"]
[SourceVersionDate "2014.11.20"]
[SourceQuality "1"]

1. d4 d5 2. Nf3 Nf6 3. c4 e6 4. Nc3 Be7 5. Bg5 Nbd7 6. e3 c6 7. Qc2 0-0 8. Bd3 Re8 9. Bxf6 Nxf6 10. Ne5 Bf8 11. 0-0 g6 12. Rac1 Bg7 13. f4 dxc4 14. Bxc4 Nd5 15. Nxd5 exd5 16. Bd3 f6 17. Bxg6 hxg6 18. Qxg6 fxe5 19. fxe5 Rf8 20. Rxf8+ Qxf8 21. Rf1 Qe7 22. Rf4 Bd7 23. g3 Rf8 24. Rh4 Qxh4 25. gxh4 Bh3 26. Qb1 Rf1+ 27. Qxf1 Bxf1 28. Kxf1 Kf7 29. Kf2 Ke6 30. Kf3 Kf5 31. h3 Bf8 32. h5 b6 33. b3 c5 34. h4 Bh6 35. Ke2 Bf8 36. Kf3 Bg7 37. Ke2 a6 38. Kd3 Bf8 39. a3 a5 40. a4 cxd4 41. Kxd4 Ke6 42. e4 Bc5+ 43. Kd3 dxe4+ 44. Kxe4 Bf8 45. Kf4 Bh6+ 46. Ke4 Bc1 47. Kd4 Bb2+ 48. Ke4 Bxe5 49. h6 Bb2 50. h5 Kf7 51. Kd5 Kg8 52. Kc4 Ba3 53. Kb5 Bc5 54. Kc4 Kh7 55. Kd5 Kxh6 56. Ke5 Kxh5 57. Kf5 Bf2 58. Kf4 Kg6 59. Ke5 Kg5 60. Ke4 Kf6 61. Kd5 Kf5 62. Kc4 Bc5 63. Kd3 Ke5 64. Kc4 Kd6 65. Kd3 Kd5 66. Kc3 Bb4+ 67. Kd3 Kc5 68. Kc2 Kd4 69. Kb2 Kd3 70. Kb1 Kc3 71. Ka2 Kc2 0-1

[Event "Regionalliga NW 0203"]
[Site "Bayern"]
[Date "2003.03.09"]
[Round "8.4"]
[White "Zoeller, Bernd"]
[Black "Benner, Viktor"]
[Result "1-0"]
[WhiteElo "2019"]
[BlackElo "1948"]
[PlyCount "119"]
[EventDate "2002.10.20"]
[EventType "team-tourn"]
[EventRounds "9"]
[EventCountry "GER"]
[SourceTitle "EXT 2004"]
[Source "ChessBase"]
[SourceDate "2003.11.25"]
[SourceVersion "1"]
[SourceVersionDate "2003.11.25"]
[SourceQuality "1"]
[WhiteTeam "Klingenberg"]
[BlackTeam "Bayreuth"]
[WhiteTeamCountry "GER"]
[BlackTeamCountry "GER"]

1. e4 e6 2. d4 d5 3. Nc3 Nf6 4. exd5 exd5 5. Bd3 Bd6 6. Bg5 c6 7. Qd2 Be6 8. Nge2 Nbd7 9. Ng3 Qc7 10. Nce2 h6 11. Bf4 g5 12. Bxd6 Qxd6 13. 0-0-0 0-0-0 14. f4 gxf4 15. Nxf4 Kb8 16. Rde1 Bg4 17. h3 Be6 18. Re2 Rdg8 19. Ngh5 Nxh5 20. Nxh5 Rg5 21. g4 Rgg8 22. Rhe1 Rd8 23. Ng7 Nf8 24. Nf5 Bxf5 25. Bxf5 Nd7 26. Re7 Nb6 27. Bd3 Rdf8 28. Qe3 Nc8 29. Re5 Nb6 30. c3 a6 31. Re7 Nc8 32. Re5 Nb6 33. Re7 Nc8 34. Re5 Nb6 35. Qf2 Nd7 36. Re7 Nf6 37. R7e5 Nd7 38. R5e3 Nb6 39. Qf5 Nc8 40. Qf3 Ka7 41. Bf5 Qf6 42. Bxc8 Qxf3 43. Rxf3 Rxc8 44. Rxf7 Rcf8 45. Ree7 Rxf7 46. Rxf7 a5 47. Rf6 Rh7 48. Kd2 a4 49. c4 dxc4 50. Kc3 h5 51. g5 h4 52. Kxc4 Rh5 53. Rg6 Rh7 54. d5 cxd5+ 55. Kxd5 Rd7+ 56. Rd6 Rc7 57. Ke6 Rc2 58. g6 Rxb2 59. g7 Rg2 60. Kf7 1-0

[Event "Regionalliga NW 0203"]
[Site "Bayern"]
[Date "2002.12.15"]
[Round "3.5"]
[White "Benner, Viktor"]
[Black "Gnauk, Reinhard"]
[Result "0-1"]
[WhiteElo "1948"]
[BlackElo "2122"]
[PlyCount "52"]
[EventDate "2002.10.20"]
[EventType "team-tourn"]
[EventRounds "9"]
[EventCountry "GER"]
[SourceTitle "EXT 2004"]
[Source "ChessBase"]
[SourceDate "2003.11.25"]
[SourceVersion "1"]
[SourceVersionDate "2003.11.25"]
[SourceQuality "1"]
[WhiteTeam "Bayreuth"]
[BlackTeam "Koenigshofen"]
[WhiteTeamCountry "GER"]
[BlackTeamCountry "GER"]

1. d4 Nf6 2. c4 e6 3. Nf3 b6 4. g3 Ba6 5. b3 d5 6. cxd5 exd5 7. Bg2 Bb4+ 8. Bd2 Qe7 9. a3 Bxd2+ 10. Nbxd2 0-0 11. Ne5 c5 12. Nef3 Re8 13. e3 Nc6 14. Bf1 cxd4 15. Nxd4 Nxd4 16. Bxa6 Ne4 17. Qb1 Nxf2 18. Kxf2 Qxe3+ 19. Kg2 Qxd2+ 20. Kh3 Re6 21. Ra2 Rh6+ 22. Kg4 Qe3 23. Rf1 Qe6+ 24. Kf4 Rf6+ 25. Kg5 h6+ 26. Kh4 g5+ 0-1